000 01511nam0a2200349 4500
001 2572840
005 20250622224846.0
035 _a(NLR Aleph) 006456629
090 _a5793423
_c5793423
100 _a20110316d1978 |||y0rusy50 ca
101 1 _arus
_ceng
102 _aRU
105 _ay z 000zy
181 0 _ai
_baxxe
182 0 _an
200 1 _aЗащищая Америку
_eк новой роли в мире после разрядки
_e[сборник статей]
_eперевод с английского
203 _aТекст
_bвизуальный
_cнепосредственный
210 _aМосква
_cПрогресс
_d1978
215 _a270, [1] с.
_d22
300 _aПер. изд.: Defending America. New York, 1977
320 _aБиблиогр. в примеч. в конце ст.
333 _aРассылается по спец. списку № 127. [Гриф ограничения доступа снят]
454 0 _12001#$aDefending America
_1210##$aNew York$d1977
_1700#1
_tDefending America
_a
606 1 _a"Холодная война"
_jСборники
_91554946
_3RU\NLR\AUTH\66679483
607 _aСоединенные Штаты Америки
_jСборники
_xВнешняя политика
_z20 в.
_92011948
_3RU\NLR\AUTH\66925268
686 _aТ3(0)63-601.1я43
686 _aТ3(7США)63-6я43
801 0 _aRU
_bNLR
_gpsbo
942 _cBOOK
980 _aNB